[Event "Gibraltar Amateurs A"]
[Site "Gibraltar"]
[Date "2019.01.21"]
[Round "1.27"]
[White "Evenshaug, Amadeus Hestvik"]
[Black "Longdin, Michael"]
[Result "1-0"]
[WhiteElo "1383"]
[BlackElo "1735"]
[PlyCount "127"]
[EventDate "2019.01.21"]
[EventType "swiss"]
[EventRounds "5"]
[EventCountry "GGB"]

1. e4 c5 2. Nf3 Nc6 3. d4 cxd4 4. Nxd4 e5 5. Nb3 Nf6 6. Nc3 Bb4 7. Bc4 O-O 8.
O-O Bxc3 9. bxc3 Nxe4 10. Qf3 Nf6 11. Bg5 h6 12. Bxf6 Qxf6 13. Qxf6 gxf6 14.
Rad1 b6 15. Rd6 Kg7 16. Re1 Ne7 17. Nd2 Nf5 18. Rd3 d6 19. Ne4 Bb7 20. Nxd6
Nxd6 21. Rxd6 Rad8 22. Red1 Rxd6 23. Rxd6 Rc8 24. Bb3 Be4 25. f3 Bg6 26. c4 Rc7
27. Kf2 f5 28. Ke3 f4+ 29. Ke2 Re7 30. g3 fxg3 31. hxg3 f5 32. Ba4 Bf7 33. Bb5
h5 34. Kd3 Bg6 35. Ke3 Kh6 36. f4 exf4+ 37. Kxf4 Re4+ 38. Kf3 Kg5 39. Rd7 f4
40. Rd5+ Bf5 41. Bd7 Re3+ 42. Kf2 Rxg3 43. Rxf5+ Kg4 44. Rf7+ Kg5 45. Rg7+ Kh4
46. Rxg3 fxg3+ 47. Kg2 a6 48. a4 a5 49. c3 Kg5 50. Kxg3 h4+ 51. Kf3 Kf6 52. Ke4
Ke7 53. Bg4 Kd6 54. Bh3 Kc5 55. Kd3 Kd6 56. Kd4 Kc6 57. Bg2+ Kd6 58. c5+ Kc7
59. Kd5 b5 60. axb5 Kd7 61. b6 Kc8 62. Kc6 a4 63. b7+ Kb8 64. Kb6 1-0

[Event "Gibraltar Amateurs A"]
[Site "Gibraltar"]
[Date "2019.01.21"]
[Round "1.28"]
[White "Escanciano Reyero, Daniel"]
[Black "Smedsrud, Morten S"]
[Result "1-0"]
[WhiteElo "1732"]
[BlackElo "1370"]
[PlyCount "91"]
[EventDate "2019.01.21"]
[EventType "swiss"]
[EventRounds "5"]
[EventCountry "GGB"]

1. d4 Nf6 2. c4 e6 3. Nc3 d5 4. Nf3 Nbd7 5. Qa4 Be7 6. g3 O-O 7. c5 Re8 8. Bg2
Bf8 9. Bf4 c6 10. O-O Nh5 11. e3 f6 12. g4 Nxf4 13. exf4 e5 14. b4 exf4 15.
Rae1 Be7 16. b5 Qc7 17. h3 Nf8 18. bxc6 bxc6 19. Nxd5 Qb7 20. Nxe7+ Rxe7 21.
Rxe7 Qxe7 22. Re1 Qc7 23. Nd2 Bd7 24. Qc4+ Kh8 25. Qf7 Ng6 26. Qc4 f5 27. g5
Re8 28. Rxe8+ Bxe8 29. Nf3 Bf7 30. Qe2 Qe7 31. Ne5 Nxe5 32. Qxe5 Qxe5 33. dxe5
Be8 34. Kf1 Kg8 35. Ke2 Kf7 36. Kf3 Ke6 37. Kxf4 g6 38. h4 a6 39. Bf1 a5 40.
Bc4+ Ke7 41. e6 Kd8 42. Ke5 Ke7 43. f4 a4 44. a3 Kf8 45. Be2 Ke7 46. Bd1 1-0

[Event "Gibraltar Amateurs A"]
[Site "Gibraltar"]
[Date "2019.01.21"]
[Round "1.29"]
[White "Popham, Sarah"]
[Black "Christophe-Hayot, Romain"]
[Result "0-1"]
[WhiteElo "1352"]
[BlackElo "1729"]
[PlyCount "54"]
[EventDate "2019.01.21"]
[EventType "swiss"]
[EventRounds "5"]
[EventCountry "GGB"]

1. Nf3 d5 2. g3 c5 3. Bg2 Nc6 4. O-O e5 5. d3 Bd6 6. Nbd2 Nge7 7. b3 O-O 8. Bb2
Bg4 9. Qc1 Rc8 10. e4 d4 11. c3 Ng6 12. a4 Be7 13. Nc4 a6 14. cxd4 cxd4 15. Qe1
Bb4 16. Qb1 h5 17. h4 Re8 18. Ba3 Bxa3 19. Nxa3 Nb4 20. Nc4 b5 21. axb5 axb5
22. Na3 Qd7 23. Qd1 Rc3 24. Qd2 Rec8 25. Rfb1 Nxd3 26. Bf1 Bxf3 27. Bxd3 Qh3
0-1

[Event "Gibraltar Amateurs A"]
[Site "Gibraltar"]
[Date "2019.01.21"]
[Round "1.30"]
[White "Kuenitz, Klaus"]
[Black "Mahbubani, Dev"]
[Result "1-0"]
[WhiteElo "1723"]
[BlackElo "1343"]
[PlyCount "83"]
[EventDate "2019.01.21"]
[EventType "swiss"]
[EventRounds "5"]
[EventCountry "GGB"]

1. d4 Nf6 2. c4 g6 3. Nf3 Bg7 4. Nc3 d6 5. Bf4 d5 6. e3 Nc6 7. h3 a6 8. Rc1 e6
9. cxd5 Nxd5 10. Nxd5 exd5 11. Be2 O-O 12. O-O Bd7 13. Qb3 Bc8 14. Rfd1 f6 15.
e4 Re8 16. Bd3 Kh8 17. Qxd5 Qxd5 18. exd5 Nb4 19. Bc4 b5 20. Bb3 Bb7 21. Bxc7
Nxd5 22. Kf1 Nxc7 23. Rxc7 Be4 24. Bc2 Bxc2 25. Rxc2 Re7 26. Re1 Rd7 27. Re6 f5
28. Rd2 a5 29. Rb6 b4 30. Rb5 Re7 31. b3 Rc8 32. g3 Rc1+ 33. Kg2 Bf6 34. Rxa5
Rg7 35. Ra8+ Rg8 36. Rxg8+ Kxg8 37. Ne5 Bxe5 38. dxe5 Re1 39. f4 Kf7 40. Kf2
Re4 41. Rd7+ Kg8 42. Rc7 1-0

[Event "Gibraltar Amateurs A"]
[Site "Gibraltar"]
[Date "2019.01.21"]
[Round "1.31"]
[White "Apps, Ian"]
[Black "Kurzok, Zenon"]
[Result "0-1"]
[WhiteElo "1312"]
[BlackElo "1722"]
[PlyCount "46"]
[EventDate "2019.01.21"]
[EventType "swiss"]
[EventRounds "5"]
[EventCountry "GGB"]

1. d4 g6 2. Bf4 Bg7 3. e3 d6 4. c3 Nd7 5. Nf3 e5 6. Bg3 exd4 7. cxd4 Ngf6 8.
Bd3 O-O 9. Nbd2 Re8 10. Bh4 Nb6 11. Nc4 Nbd5 12. O-O Qd7 13. Qd2 Ne4 14. Bxe4
Rxe4 15. h3 Nf6 16. Qd3 Qe8 17. Ncd2 Re7 18. Ng5 h6 19. Nge4 g5 20. Bxg5 hxg5
21. Nxg5 d5 22. f3 Rxe3 23. Rae1 Rxe1 0-1

[Event "Gibraltar Amateurs A"]
[Site "Gibraltar"]
[Date "2019.01.21"]
[Round "1.33"]
[White "Mahbubani, Arun"]
[Black "Bauer, Dieter"]
[Result "0-1"]
[WhiteElo "1261"]
[BlackElo "1714"]
[PlyCount "108"]
[EventDate "2019.01.21"]
[EventType "swiss"]
[EventRounds "5"]
[EventCountry "GGB"]

1. e4 d6 2. Nc3 e5 3. Nf3 Nf6 4. Bc4 Be7 5. d4 exd4 6. Nxd4 O-O 7. Be3 Nxe4 8.
Nce2 d5 9. Bd3 c5 10. Bxe4 dxe4 11. Nb5 Qa5+ 12. Nbc3 Rd8 13. Qc1 Bg4 14. O-O
Bxe2 15. Nxe2 Nc6 16. c3 Ne5 17. h3 Rd7 18. Ng3 Qa4 19. b3 Qc6 20. Qc2 Nd3 21.
c4 g6 22. Qe2 f5 23. Bh6 Bf8 24. Qe3 Rad8 25. Qg5 Qe6 26. Ne2 Be7 27. Qe3 Qf6
28. Bf4 b6 29. Qg3 Kf7 30. Bd2 Bd6 31. Nf4 Nxf4 32. Bxf4 Bxf4 33. Qxf4 Rd2 34.
Qe3 Kg7 35. f3 Qd4 36. Rae1 Qxe3+ 37. Rxe3 Re8 38. a4 Re7 39. Rfe1 Rd4 40. g4
Kf6 41. Kf2 Kg5 42. Kg2 Rd2+ 43. R1e2 Rxe2+ 44. Rxe2 exf3+ 45. Kxf3 Rxe2 46.
Kxe2 fxg4 47. Kf2 gxh3 48. Kg3 h2 49. Kxh2 Kf4 50. Kg2 Ke3 51. Kg3 Kd4 52. Kg4
h6 53. Kh4 Kc3 54. Kg4 Kxb3 0-1

[Event "Gibraltar Amateurs A"]
[Site "Gibraltar"]
[Date "2019.01.21"]
[Round "1.34"]
[White "Neumanova, Monika"]
[Black "Arias Diaz, Javier Alonso"]
[Result "0-1"]
[WhiteElo "1711"]
[BlackElo "1093"]
[PlyCount "41"]
[EventDate "2019.01.21"]
[EventType "swiss"]
[EventRounds "5"]
[EventCountry "GGB"]

1. d4 Nf6 2. c4 g6 3. Nc3 Bg7 4. e4 d6 5. f3 O-O 6. Be3 c6 7. Bd3 Nbd7 8. Nge2
a6 9. a4 a5 10. O-O e5 11. d5 cxd5 12. cxd5 Qc7 13. Rc1 Qd8 14. Nb5 Nb6 15. b3
Ne8 16. Qd2 Bd7 17. Nec3 Rc8 18. Qf2 Qf6 19. Bxb6 Ra8 20. Qd2 Qh4 21. Ne2 {
(phone)} 0-1

[Event "Gibraltar Amateurs A"]
[Site "Gibraltar"]
[Date "2019.01.22"]
[Round "2.2"]
[White "Christophe-Hayot, Romain"]
[Black "Leimeister, Winfried"]
[Result "1-0"]
[WhiteElo "1729"]
[BlackElo "1870"]
[PlyCount "121"]
[EventDate "2019.01.21"]
[EventType "swiss"]
[EventRounds "5"]
[EventCountry "GGB"]

1. d4 Nf6 2. Nc3 c5 3. d5 g6 4. g3 d6 5. Bg2 Bg7 6. Nf3 Bd7 7. a4 O-O 8. O-O
Qc8 9. Re1 Na6 10. e4 Bh3 11. Nb5 Bxg2 12. Kxg2 Nc7 13. Na3 Nd7 14. Nc4 Nb6 15.
Ne3 Nd7 16. c3 b6 17. Qd3 a6 18. Bd2 b5 19. h4 c4 20. Qc2 Nc5 21. a5 Nb3 22.
Ra3 h6 23. h5 e5 24. dxe6 Qxe6 25. Nh4 Bf6 26. Nf3 Kg7 27. Rh1 Rh8 28. Re1 Rae8
29. hxg6 fxg6 30. Nf1 Rhf8 31. N1h2 Qd7 32. Rxb3 cxb3 33. Qxb3 Qf7 34. Qc2 Be5
35. Be3 Qe6 36. Qd2 g5 37. Bb6 Re7 38. Nd4 Qd7 39. Qe2 Kg6 40. Rh1 Bg7 41. Qd3
Be5 42. f3 Ne6 43. Nf5 Rh7 44. Ng4 h5 45. Nge3 Ng7 46. Nxg7 Rxg7 47. Nd5 Qf7
48. Rf1 Qb7 49. Rh1 Qf7 50. Rf1 Qb7 51. b3 Kh6 52. Bd4 Qf7 53. Qd2 Rg6 54. Ne3
Qxb3 55. Bxe5 dxe5 56. Nf5+ Rxf5 57. exf5 Rf6 58. g4 h4 59. Rh1 Qa4 60. Rxh4+
Kg7 61. Qxg5+ 1-0

[Event "Gibraltar Amateurs A"]
[Site "Gibraltar"]
[Date "2019.01.22"]
[Round "2.15"]
[White "Galinskyi, Mykhalo"]
[Black "Kovacevic, Aleksandar S"]
[Result "1/2-1/2"]
[WhiteElo "1540"]
[BlackElo "1793"]
[PlyCount "58"]
[EventDate "2019.01.21"]
[EventType "swiss"]
[EventRounds "5"]
[EventCountry "GGB"]

1. e4 e6 2. d4 d5 3. exd5 exd5 4. Bd3 Bd6 5. c3 c6 6. h3 h6 7. Nf3 Nf6 8. O-O
O-O 9. Re1 Qc7 10. Nbd2 Nbd7 11. Nf1 b6 12. Ne3 Re8 13. Qc2 Nf8 14. Bd2 Ne4 15.
c4 Nxd2 16. Qxd2 a5 17. a3 Bf4 18. cxd5 Bxe3 19. Rxe3 Rxe3 20. Qxe3 cxd5 21.
Rc1 Qd8 22. Qe5 Be6 23. Qc7 Rc8 24. Qxd8 Rxd8 25. Rc7 f6 26. Rc6 Rb8 27. Bc2
Rc8 28. Rxc8 Bxc8 29. Bb3 Bb7 1/2-1/2

[Event "Gibraltar Amateurs A"]
[Site "Gibraltar"]
[Date "2019.01.22"]
[Round "2.17"]
[White "Arias Diaz, Javier Alonso"]
[Black "Poggio, Freddie"]
[Result "0-1"]
[WhiteElo "1093"]
[BlackElo "1765"]
[PlyCount "76"]
[EventDate "2019.01.21"]
[EventType "swiss"]
[EventRounds "5"]
[EventCountry "GGB"]

1. d4 Nf6 2. c4 c5 3. d5 e6 4. Nc3 exd5 5. cxd5 d6 6. e4 g6 7. Nge2 Bg7 8. Ng3
O-O 9. Be2 a6 10. a4 Ne8 11. O-O f5 12. f3 Bd4+ 13. Kh1 f4 14. Qe1 fxg3 15.
Qxg3 Ng7 16. f4 Qf6 17. Bd2 Kh8 18. Rac1 b5 19. e5 dxe5 20. fxe5 Qd8 21. Bg5
Qe8 22. axb5 Bf5 23. Bf6 Nd7 24. Bxg7+ Kxg7 25. e6 Ne5 26. bxa6 Qe7 27. Nb5
Bxb2 28. Rcd1 Rxa6 29. Nd4 Bxd4 30. Bxa6 Qf6 31. Bd3 Nxd3 32. Rxd3 Qe5 33.
Qxe5+ Bxe5 34. Rdf3 h5 35. h3 c4 36. g4 Be4 37. e7 Rxf3 38. Rxf3 Bxf3+ 0-1

[Event "Gibraltar Amateurs A"]
[Site "Gibraltar"]
[Date "2019.01.22"]
[Round "2.19"]
[White "Omtvedt, Aleksander"]
[Black "Koreywo, Witold"]
[Result "1/2-1/2"]
[WhiteElo "1896"]
[BlackElo "1553"]
[PlyCount "114"]
[EventDate "2019.01.21"]
[EventType "swiss"]
[EventRounds "5"]
[EventCountry "GGB"]

1. d4 d5 2. c4 e6 3. Nf3 c5 4. cxd5 exd5 5. Nc3 Nc6 6. e3 c4 7. Bd2 Nf6 8. b3
cxb3 9. Qxb3 Na5 10. Qa4+ Bd7 11. Bb5 Nc6 12. O-O a6 13. Bxc6 Bxc6 14. Qb3 Bd6
15. Rac1 O-O 16. Na4 Bxa4 17. Qxa4 Qd7 18. Qb3 Rfc8 19. Bb4 b5 20. g3 h6 21.
Kg2 Qe7 22. Bxd6 Qxd6 23. Ne5 Nd7 24. Nd3 Rc4 25. Nb2 Rcc8 26. Rc3 Nb6 27. Rfc1
Nc4 28. Nd3 Rcb8 29. Nc5 f5 30. Qc2 Rf8 31. Qe2 Qe7 32. Qf3 Qf7 33. h4 g6 34.
Nd3 Rad8 35. R3c2 Qf6 36. Rh1 Kg7 37. Nf4 Qf7 38. Nd3 Qf6 39. Qf4 Qe7 40. Nc5
Qf6 41. Qc7+ Kg8 42. Rcc1 Rc8 43. Qb7 Rc6 44. Nd7 Qe6 45. Nxf8 Kxf8 46. Qb8+
Kg7 47. Qf4 Qe4+ 48. Qxe4 fxe4 49. Rhe1 Kf6 50. g4 b4 51. Kf1 a5 52. Ke2 a4 53.
Rb1 Rb6 54. Rec1 b3 55. axb3 axb3 56. Rc3 b2 57. Kd1 Ra6 1/2-1/2

[Event "Gibraltar Amateurs A"]
[Site "Gibraltar"]
[Date "2019.01.22"]
[Round "2.20"]
[White "Khoo-Thwe, Louis"]
[Black "Portman, Carl S"]
[Result "0-1"]
[WhiteElo "1617"]
[BlackElo "1884"]
[PlyCount "112"]
[EventDate "2019.01.21"]
[EventType "swiss"]
[EventRounds "5"]
[EventCountry "GGB"]

1. e4 e6 2. d4 d5 3. Nd2 c5 4. Ngf3 Nc6 5. Bb5 Bd7 6. exd5 exd5 7. Qe2+ Qe7 8.
dxc5 Qxe2+ 9. Kxe2 Bxc5 10. Nb3 Bb6 11. Rd1 Nge7 12. Bf4 O-O 13. Bd6 Rfe8 14.
Kf1 a6 15. Ba4 Bg4 16. Bxe7 Rxe7 17. Rxd5 Nb4 18. Rd2 Bxf3 19. gxf3 Bc7 20. c3
Nc6 21. Bxc6 bxc6 22. Nd4 c5 23. Nf5 Re6 24. Ng3 Rb8 25. Re1 Reb6 26. Re7 Bxg3
27. fxg3 g6 28. Ree2 Kg7 29. f4 R8b7 30. c4 a5 31. a3 h5 32. Ke1 Rb3 33. Kf2 a4
34. Kg2 R7b6 35. Kh3 Rb7 36. Kh4 R7b6 37. g4 hxg4 38. Kxg4 f5+ 39. Kh4 Kh6 40.
h3 Rf3 41. Rf2 Rbb3 42. Rxf3 Rxf3 43. Rc2 Rxf4+ 44. Kg3 Rd4 45. Kg2 Kg5 46. Kh2
f4 47. Kg2 Kf5 48. Kf2 g5 49. Ke2 Ke4 50. Rc3 Kf5 51. Ke1 g4 52. hxg4+ Kxg4 53.
Ke2 Re4+ 54. Kf2 Rd4 55. Ke2 Rd8 56. Rf3 Rb8 0-1

[Event "Gibraltar Amateurs A"]
[Site "Gibraltar"]
[Date "2019.01.22"]
[Round "2.21"]
[White "Bussmann, John"]
[Black "Johansson, Daniel 1984"]
[Result "1-0"]
[WhiteElo "1671"]
[BlackElo "1859"]
[PlyCount "114"]
[EventDate "2019.01.21"]
[EventType "swiss"]
[EventRounds "5"]
[EventCountry "GGB"]

1. e4 d5 2. exd5 Qxd5 3. Nc3 Qd6 4. Bc4 a6 5. Nge2 b5 6. Bb3 Bb7 7. O-O Nf6 8.
d4 e6 9. Bf4 Qd8 10. d5 Nxd5 11. Nxd5 Bxd5 12. Bxd5 exd5 13. Nd4 Be7 14. Nf5
Bf6 15. Re1+ Kf8 16. Qf3 Qd7 17. Qa3+ Kg8 18. Ne7+ Bxe7 19. Rxe7 Qd8 20. Bxc7
Qc8 21. Rae1 Nc6 22. Re8+ Qxe8 23. Rxe8+ Rxe8 24. g3 h5 25. Qxa6 Rh6 26. Qxb5
h4 27. gxh4 Re1+ 28. Kg2 Rg6+ 29. Bg3 d4 30. a4 Rc1 31. h5 Re6 32. a5 Rxc2 33.
a6 d3 34. Qxd3 Rxb2 35. Qa3 Rb5 36. a7 Nxa7 37. Qxa7 Rxh5 38. Qa8+ Kh7 39. Qf3
Kg6 40. h4 Ra5 41. Qg4+ Kh7 42. Qc4 Raa6 43. Qd3+ Kg8 44. Qf5 Rac6 45. Qd5 Ra6
46. Kh3 Rac6 47. Kg4 Rg6+ 48. Kf3 Rgf6+ 49. Bf4 Ra6 50. Qd8+ Kh7 51. Qd3+ Kg8
52. Kg2 Rfe6 53. f3 Rf6 54. Kg3 Rfe6 55. h5 Rac6 56. Kg4 Ra6 57. Qd8+ Kh7 1-0

[Event "Gibraltar Amateurs A"]
[Site "Gibraltar"]
[Date "2019.01.22"]
[Round "2.22"]
[White "Naldrett, Geoffrey"]
[Black "Lane, Ryan"]
[Result "0-1"]
[WhiteElo "1557"]
[BlackElo "1851"]
[PlyCount "72"]
[EventDate "2019.01.21"]
[EventType "swiss"]
[EventRounds "5"]
[EventCountry "GGB"]

1. c4 Nf6 2. Nc3 g6 3. g3 Bg7 4. Bg2 O-O 5. Nf3 d6 6. d3 e5 7. O-O Nc6 8. Rb1
Ne8 9. Bg5 f6 10. Be3 f5 11. Bg5 Nf6 12. Qd2 Be6 13. Nd5 Bxd5 14. cxd5 Ne7 15.
e4 fxe4 16. dxe4 Nxe4 17. Bxe7 Nxd2 18. Bxd8 Nxf1 19. Bxc7 Rxf3 20. Kxf1 Rd3
21. Bxd6 Re8 22. Re1 Rd2 23. Ba3 Bf8 24. Bxf8 Rxf8 25. Re2 Rd1+ 26. Re1 Rxe1+
27. Kxe1 Kf7 28. Ke2 Ke7 29. Ke3 Kd6 30. f4 exf4+ 31. gxf4 Rc8 32. Kd3 Rc1 33.
Kd2 Rg1 34. Bf3 Rf1 35. Ke2 Rb1 36. b3 Rb2+ 0-1

[Event "Gibraltar Amateurs A"]
[Site "Gibraltar"]
[Date "2019.01.22"]
[Round "2.23"]
[White "Kumar, Deepak"]
[Black "Carr, Jay"]
[Result "0-1"]
[WhiteElo "1590"]
[BlackElo "1842"]
[PlyCount "64"]
[EventDate "2019.01.21"]
[EventType "swiss"]
[EventRounds "5"]
[EventCountry "GGB"]

1. e4 d5 2. exd5 Nf6 3. d4 Bg4 4. f3 Bf5 5. c4 e6 6. dxe6 Nc6 7. Be3 Nb4 8. Na3
fxe6 9. g4 Nxg4 10. fxg4 Be4 11. Nf3 Qf6 12. Kf2 Bd6 13. Be2 O-O 14. g5 Qf5 15.
c5 Qh3 16. Ke1 Rxf3 17. Bxf3 Bxf3 18. Qb3 Bd5 19. Qc3 Bxh1 20. cxd6 Nd5 21. Qb3
Nxe3 22. Kd2 Rf8 23. Qxe3 Qg2+ 24. Kd3 Rf3 25. d7 Rxe3+ 26. Kxe3 Qe4+ 27. Kf2
Qxd4+ 28. Kg3 Qe3+ 29. Kh4 Qf2+ 30. Kg4 Bf3+ 31. Kf4 Bc6+ 32. Ke5 Qe3# 0-1

[Event "Gibraltar Amateurs A"]
[Site "Gibraltar"]
[Date "2019.01.22"]
[Round "2.24"]
[White "Wadhwani, Sunil"]
[Black "Fong, Mi Yen"]
[Result "0-1"]
[WhiteElo "1841"]
[BlackElo "1687"]
[PlyCount "90"]
[EventDate "2019.01.21"]
[EventType "swiss"]
[EventRounds "5"]
[EventCountry "GGB"]

1. e4 e5 2. Nf3 Nc6 3. Bc4 Bc5 4. O-O Nf6 5. d4 Bxd4 6. Nxd4 Nxd4 7. c3 Nc6 8.
Qc2 d6 9. Bg5 h6 10. Bh4 g5 11. Bg3 Nh5 12. h3 Nxg3 13. fxg3 O-O 14. Qe2 Be6
15. Nd2 Qe7 16. Qh5 Kg7 17. b4 f6 18. Rf2 Bf7 19. Qe2 Qd7 20. Raf1 Bg6 21. g4
Nd8 22. Kh2 Ne6 23. g3 c6 24. Bxe6 Qxe6 25. c4 Rad8 26. Nb3 b6 27. Rd1 d5 28.
exd5 cxd5 29. Nd4 Qc8 30. Nf5+ Bxf5 31. gxf5 Qxc4 32. Qh5 Qc7 33. Qg6+ Kh8 34.
Rc1 Qg7 35. Rfc2 Qxg6 36. fxg6 Kg7 37. Rc7+ Kxg6 38. g4 Rf7 39. Kg3 Rdd7 40.
Rc8 e4 41. Rg8+ Rg7 42. Re8 Rc7 43. Rc8 Rxc1 44. Rxc1 d4 45. Kf2 Rd7 0-1

[Event "Gibraltar Amateurs A"]
[Site "Gibraltar"]
[Date "2019.01.22"]
[Round "2.25"]
[White "Lochte, Szilvia"]
[Black "Gough, Theo"]
[Result "1-0"]
[WhiteElo "1868"]
[BlackElo "1430"]
[PlyCount "80"]
[EventDate "2019.01.21"]
[EventType "swiss"]
[EventRounds "5"]
[EventCountry "GGB"]

1. c4 e5 2. g3 Nf6 3. Bg2 Bc5 4. e3 Nc6 5. Nc3 d6 6. Nge2 Qe7 7. O-O O-O 8. d4
Bb6 9. d5 Nb4 10. a3 Na6 11. b4 Bd7 12. Na4 Rfc8 13. Bb2 Bxa4 14. Qxa4 Qd7 15.
Qb3 Rab8 16. Rfd1 Qe7 17. Rac1 c6 18. dxc6 bxc6 19. Qa4 Nc7 20. Bh3 Ne6 21. Bg2
c5 22. b5 Ng5 23. Qc2 Qe6 24. Kh1 h6 25. h4 Ngh7 26. Ng1 Rd8 27. Bh3 Qe7 28. e4
g5 29. hxg5 Nxg5 30. Bf5 Kg7 31. Kg2 Rh8 32. Nf3 Nxf3 33. Kxf3 h5 34. Qd2 Bc7
35. Rh1 Ng4 36. Rh4 Rh6 37. Rch1 Rbh8 38. Kg2 Nf6 39. Qe2 Rg8 40. Bc1 Rhh8 1-0

[Event "Gibraltar Amateurs A"]
[Site "Gibraltar"]
[Date "2019.01.22"]
[Round "2.26"]
[White "Marcos Herrero, Francisco"]
[Black "Cordero Infante, Ivan"]
[Result "0-1"]
[WhiteElo "1855"]
[BlackElo "1417"]
[PlyCount "114"]
[EventDate "2019.01.21"]
[EventType "swiss"]
[EventRounds "5"]
[EventCountry "GGB"]

1. d4 g6 2. c4 Bg7 3. Nf3 Nf6 4. g3 O-O 5. Bg2 d6 6. Nc3 Nbd7 7. O-O Rb8 8. e4
c5 9. h3 cxd4 10. Nxd4 Ne5 11. Qe2 Bd7 12. Be3 a6 13. Rfd1 Qc8 14. Rac1 Bxh3
15. Nd5 Nxd5 16. cxd5 Qg4 17. Rc7 Qxe2 18. Nxe2 Bg4 19. Rd2 Rfe8 20. Nc3 b5 21.
Rc2 Nf3+ 22. Kf1 Nh2+ 23. Ke1 Nf3+ 24. Kf1 Nh2+ 25. Ke1 Nf3+ 26. Bxf3 Bxf3 27.
Ba7 Rbc8 28. Nxb5 Rxc7 29. Nxc7 Rc8 30. Bb6 Bxe4 31. Re2 Bf5 32. Rxe7 Rb8 33.
Be3 Bxb2 34. Nxa6 Bc3+ 35. Ke2 Rb2+ 36. Kf3 h5 37. a4 Ra2 38. Rc7 Be5 39. Rc4
Bd3 40. Rc8+ Kg7 41. Nb4 Be2+ 42. Kg2 Rxa4 43. Nc6 Bf6 44. Bf4 Bd3 45. f3 Bc4
46. Bxd6 Bxd5 47. Nb4 Be6 48. Rb8 Ra1 49. Nd3 Ra2+ 50. Kg1 Bd4+ 51. Kh1 Bd5 52.
Be5+ Bxe5 53. Nxe5 Re2 54. Re8 Bxf3+ 55. Kg1 Bd5 56. Re7 Rg2+ 57. Kf1 Rxg3 0-1

[Event "Gibraltar Amateurs A"]
[Site "Gibraltar"]
[Date "2019.01.22"]
[Round "2.28"]
[White "Longdin, Michael"]
[Black "Popham, Sarah"]
[Result "1-0"]
[WhiteElo "1735"]
[BlackElo "1352"]
[PlyCount "85"]
[EventDate "2019.01.21"]
[EventType "swiss"]
[EventRounds "5"]
[EventCountry "GGB"]

1. d4 Nf6 2. Bf4 g6 3. Nc3 Bg7 4. e4 d6 5. Qd2 O-O 6. O-O-O Nbd7 7. Bh6 c5 8.
Nf3 a6 9. h4 Ng4 10. Bxg7 Kxg7 11. h5 h6 12. hxg6 fxg6 13. e5 Rh8 14. exd6 exd6
15. dxc5 dxc5 16. Bc4 b5 17. Be6 Ngf6 18. Qe3 Qf8 19. Ne2 Nb6 20. Bxc8 Rxc8 21.
Qe6 Re8 22. Qxb6 Rxe2 23. Rhe1 Rxf2 24. Ne5 h5 25. Rd7+ Kh6 26. Nf7+ Kh7 27.
Nxh8+ Nxd7 28. Qxg6+ Kxh8 29. Re8 Rf1+ 30. Kd2 Rf2+ 31. Ke3 Qxe8+ 32. Qxe8+ Rf8
33. Qxd7 Rg8 34. Qd5 h4 35. Qh5+ Kg7 36. Qxh4 Re8+ 37. Kf3 Re6 38. Qg5+ Rg6 39.
Qxc5 Rf6+ 40. Ke4 Re6+ 41. Qe5+ Rf6 42. Qxf6+ Kxf6 43. Kd5 1-0

[Event "Gibraltar Amateurs A"]
[Site "Gibraltar"]
[Date "2019.01.22"]
[Round "2.29"]
[White "Arias Diaz, Miguel Angel"]
[Black "Neumanova, Monika"]
[Result "1-0"]
[WhiteElo "1421"]
[BlackElo "1711"]
[PlyCount "32"]
[EventDate "2019.01.21"]
[EventType "swiss"]
[EventRounds "5"]
[EventCountry "GGB"]

1. e4 c5 2. Nf3 Nc6 3. d4 cxd4 4. Nxd4 e6 5. Nb5 d6 6. c4 a6 7. Nd4 Be7 8. Nc3
Nf6 9. Be3 O-O 10. Be2 Re8 11. O-O Qc7 12. Rc1 b6 13. Nd5 exd5 14. cxd5 Nxe4
15. Nxc6 b5 16. Bd3 Nf6 1-0

[Event "Gibraltar Amateurs A"]
[Site "Gibraltar"]
[Date "2019.01.22"]
[Round "2.30"]
[White "Ralivololona, Hanitriniaina Andri"]
[Black "Ocana, Jeremy"]
[Result "0-1"]
[WhiteElo "1399"]
[BlackElo "1695"]
[PlyCount "54"]
[EventDate "2019.01.21"]
[EventType "swiss"]
[EventRounds "5"]
[EventCountry "GGB"]

1. e4 e6 2. d4 d5 3. exd5 exd5 4. Nc3 Nf6 5. h3 Be7 6. Nf3 O-O 7. Bd3 b6 8. O-O
c5 9. dxc5 bxc5 10. Bb5 d4 11. Ne2 Qb6 12. a4 a6 13. Bc4 Bb7 14. Ng3 h6 15. Re1
Nc6 16. c3 Rad8 17. Qc2 Bd6 18. Bd2 Na5 19. Ba2 d3 20. Qb1 Bxg3 21. fxg3 c4+
22. Kh2 Bxf3 23. gxf3 Qf2+ 24. Kh1 Qxf3+ 25. Kg1 Qxg3+ 26. Kf1 Rd5 27. Re3 Rf5+
0-1

[Event "Gibraltar Amateurs A"]
[Site "Gibraltar"]
[Date "2019.01.22"]
[Round "2.31"]
[White "Smedsrud, Morten S"]
[Black "Krause, Helmut"]
[Result "1-0"]
[WhiteElo "1370"]
[BlackElo "1668"]
[PlyCount "59"]
[EventDate "2019.01.21"]
[EventType "swiss"]
[EventRounds "5"]
[EventCountry "GGB"]

1. d4 Nf6 2. c4 e6 3. Nc3 Bb4 4. a3 Bxc3+ 5. bxc3 b6 6. Bg5 Bb7 7. e3 O-O 8.
Nf3 d6 9. Be2 Nbd7 10. O-O c6 11. Qc2 Qc7 12. Nd2 c5 13. Rac1 h6 14. Bh4 d5 15.
Bg3 Qc6 16. Bf3 Ne4 17. cxd5 exd5 18. Rfd1 Qe6 19. c4 f5 20. Be2 cxd4 21. Nxe4
dxe4 22. Rxd4 Nc5 23. Rcd1 Rf7 24. Rd6 Qe7 25. Bh5 Rf6 26. R1d4 Rxd6 27. Rxd6
Nd3 28. Qc3 Rd8 29. Rg6 Qd7 30. h3 1-0

[Event "Gibraltar Amateurs A"]
[Site "Gibraltar"]
[Date "2019.01.22"]
[Round "2.32"]
[White "Guardia Bencomo, Tomas"]
[Black "Apps, Ian"]
[Result "1-0"]
[WhiteElo "1664"]
[BlackElo "1312"]
[PlyCount "125"]
[EventDate "2019.01.21"]
[EventType "swiss"]
[EventRounds "5"]
[EventCountry "GGB"]

1. e4 d5 2. exd5 Qxd5 3. Nc3 Qa5 4. d4 c6 5. Nf3 Bf5 6. Bd3 e6 7. O-O Nf6 8.
Re1 Bd6 9. Ne5 O-O 10. Bxf5 exf5 11. Nc4 Qc7 12. Nxd6 Qxd6 13. g3 Nbd7 14. Qd3
Rfe8 15. Bf4 Rxe1+ 16. Rxe1 Qb4 17. Qxf5 Qxd4 18. Rd1 Qc5 19. Qxc5 Nxc5 20. f3
Re8 21. Kf2 Na6 22. a3 Re7 23. Bg5 Rd7 24. Bxf6 Rxd1 25. Nxd1 gxf6 26. Ke3 Kg7
27. Nc3 Kg6 28. Kf4 b5 29. Ne4 c5 30. Nd6 Nc7 31. Ke4 a6 32. Nf5 Ne6 33. Ne7+
Kg7 34. c3 Nc7 35. Kf5 Kf8 36. Kxf6 Ne8+ 37. Ke5 Kxe7 38. Kd5 c4 39. Kc6 Kd8
40. a4 Nc7 41. h3 bxa4 42. Kc5 Nb5 43. Kxc4 a3 44. bxa3 Nxa3+ 45. Kb4 Nb1 46.
c4 Kc7 47. h4 Kc6 48. f4 a5+ 49. Kxa5 Kc5 50. Ka6 Nd2 51. Kb7 h5 52. Kc7 Nxc4
53. Kd7 Ne3 54. Ke7 f5 55. Kf6 Kd5 56. Kg5 Ke4 57. Kxh5 Kf3 58. Kg5 Kxg3 59. h5
Ng4 60. Kxf5 Kh4 61. Kg6 Kh3 62. Kg5 Kg3 63. f5 1-0

[Event "Gibraltar Amateurs A"]
[Site "Gibraltar"]
[Date "2019.01.22"]
[Round "2.33"]
[White "Krause, Marianne"]
[Black "Mahbubani, Arun"]
[Result "1-0"]
[WhiteElo "1637"]
[BlackElo "1261"]
[PlyCount "47"]
[EventDate "2019.01.21"]
[EventType "swiss"]
[EventRounds "5"]
[EventCountry "GGB"]

1. d4 d5 2. Nf3 Nc6 3. e3 Nf6 4. a3 a6 5. Nbd2 h6 6. Bd3 e6 7. b3 Be7 8. Bb2
Bd7 9. O-O b5 10. Ne5 O-O 11. f4 Bd6 12. Rf3 Ne7 13. Rh3 Bxe5 14. dxe5 Ne4 15.
Nxe4 dxe4 16. Bxe4 f5 17. Bxa8 Qxa8 18. Qxd7 Kf7 19. Qd1 Nd5 20. Qh5+ Ke7 21.
Bd4 Kd7 22. Rg3 Rg8 23. Qf7+ Kc6 24. Qxe6+ 1-0

[Event "Gibraltar Amateurs A"]
[Site "Gibraltar"]
[Date "2019.01.22"]
[Round "2.34"]
[White "Mahbubani, Dev"]
[Black "White, Gary"]
[Result "0-1"]
[WhiteElo "1343"]
[BlackElo "1623"]
[PlyCount "46"]
[EventDate "2019.01.21"]
[EventType "swiss"]
[EventRounds "5"]
[EventCountry "GGB"]

1. e4 Nf6 2. d3 e5 3. c4 Bc5 4. Nf3 Ng4 5. d4 exd4 6. h3 Nxf2 7. Kxf2 Qf6 8.
Bg5 d3+ 9. Ke1 Qxb2 10. Nbd2 Nc6 11. Rb1 Qxa2 12. Qb3 Qxb3 13. Rxb3 Nb4 14.
Bxd3 Nxd3+ 15. Rxd3 O-O 16. h4 d6 17. h5 h6 18. Bf4 Re8 19. Rg1 Bxg1 20. Nxg1
Bg4 21. Rg3 f5 22. Ngf3 Bxf3 23. Nxf3 Rxe4+ 0-1